01550nam a2200265 a 4500001001000000005001700010008004100027041000800068044000700076084002000083100004500103245008500148260003800233300003200271500015200303500014000455500035500595500008600950500001101036650005201047650005601099650003401155650004501189740005001234BRCA_280620190320203958.0081208s1905----sp-a---###---#000-0#spa-u aspa asp a256b.T37c19051 aCervantes Saavedra, Miguel ded1547-161610aEl Ingenioso Hidalgo Don Quijote de la Manchacpor Miguel de Cervantes Saavedra. aBarcelonabLuis Tasso Serrac1905 a2 v.bil. (a color)c35 cm. aContenido : v 1. Primera parte. Dedicatoria del autor. Prólogo del autor. Versos preliminares. Texto. -- v 2. Segunda parte. Prólogo del autor. aEdición : Edición adornada con más de 350 acuarelas de Salvador Tusell, sacadas de las célebres composiciones de Gustavo Doré aEdición monumental barcelonesa. Magníficamente impresa en cromotipía, reproducción fidelísima de 372 bellísimas acuarelas, copiadas de los famosos dibujos de G. Doré. Edición conmemorativa del tricentenario de la primera parte de la novela. Semipiel; lomeras y tapas decoradas con motivos quijotiles y adornos dorados Lúdovik Osterc aEstado físico : Lomo y cubierta desprendidas, así como primeras hojas sueltas aQM100814aNovela españolayÉpoca clásica, 1500-170014aLiteratura españolayÉpoca clásica, 1500-170014aNovela españolaySiglo XVII14aDon Quijote (Personaje ficticio)eNovela0 aEl Ingenioso Hidalgo Don Quijote de la Mancha